000
00310 a2200157 4500
001
48510
020
_a
8573191309
040
_c
Anchieta - Bela Vista
100
_a
Shakespeare, William
240
1
0
_a
Otelo
_l
por
245
1
0
_a
Otelo
300
_a
48
362
0
_a
2001
650
4
_a
Literatura
942
_c
BK
999
_c
48510
_d
48510